LIBRARY & INFORMATION CENTRE, KCAET, TAVANUR

ONLINE PUBLIC ACCESS CATALOGUE (OPAC)

Introduction to food science, technology and quality management / (Record no. 13087)

MARC details
000 -LEADER
fixed length control field 00509cam a2200181ua 4500
041 ## - LANGUAGE CODE
Language code of text/sound track or separate title eng
082 ## - DEWEY DECIMAL CLASSIFICATION NUMBER
Classification number 664
Item number BHA/IN
100 ## - MAIN ENTRY--AUTHOR NAME
Personal name Bhatt, Devendra Kumar .
245 ## - TITLE STATEMENT
Title Introduction to food science, technology and quality management /
260 ## - PUBLICATION, DISTRIBUTION, ETC. (IMPRINT)
Place of publication New Delhi :
Name of publisher Kalyani Publishers ,
Year of publication 2006.
300 ## - PHYSICAL DESCRIPTION
Number of Pages 404 ;
Accompanying material `.
700 1# - ADDED ENTRY--PERSONAL NAME
Personal name Tomar, Priyanka .
942 ## - ADDED ENTRY ELEMENTS (KOHA)
Koha item type Books
Holdings
Withdrawn status Lost status Damaged status Home library Current library Date acquired Full call number Accession Number Koha item type
      KAUAET KAUAET 07/04/2012 664 21316 Books
free website counter